[Event "Bundesliga 9798"]
[Site "Deutschland"]
[Date "1997.??.??"]
[Round "?.5"]
[White "Meyer, Peter"]
[Black "Meins, Gerlef"]
[Result "1/2-1/2"]
[WhiteElo "2345"]
[BlackElo "2460"]
[PlyCount "162"]
[EventDate "1997.10.??"]
[EventType "team"]
[EventRounds "15"]
[EventCountry "GER"]
[SourceTitle "Bundesliga 9798"]
[Source "DeepChess"]
[SourceDate "2005.01.01"]
[SourceVersion "1"]
[SourceVersionDate "2005.01.01"]
[SourceQuality "1"]
[WhiteTeam "SVG Plettenberg"]
[BlackTeam "SAbt SV Werder Bremen"]
[WhiteTeamCountry "GER"]
[BlackTeamCountry "GER"]

1. Nf3 d5 2. c4 e6 3. g3 Nf6 4. Bg2 Be7 5. O-O O-O 6. d4 c6 7. Nbd2 Nbd7 8. Qc2
b6 9. e4 Bb7 10. Rd1 Rc8 11. e5 Ne8 12. b3 c5 13. Bb2 cxd4 14. Qd3 Nc5 15. Qxd4
Nc7 16. Qg4 b5 17. Bd4 bxc4 18. bxc4 N7a6 19. Nf1 Qa5 20. Ne3 Rfd8 21. Nd2 Nb4
22. Nb3 Qa3 23. cxd5 Bxd5 24. Bxd5 Nxd5 25. Bxc5 Bxc5 26. Nxd5 exd5 27. e6 fxe6
28. Qxe6+ Kh8 29. Rxd5 Bb6 30. Rxd8+ Rxd8 31. Re1 h6 32. Re2 Qa4 33. Kg2 Qb5
34. Qe4 Qd5 35. Qxd5 Rxd5 36. Nd2 Rd4 37. f4 Ra4 38. Nf3 Kg8 39. Ne5 Ra3 40.
Nc4 Ra4 41. Ne5 h5 42. Nf3 Kf8 43. Ng5 Bd4 44. Ne4 g6 45. Kh3 Kg7 46. Rc2 Ba1
47. Nd6 Ra6 48. Nc4 Rc6 49. Kg2 Kf6 50. Kf3 Ra6 51. h3 Ra4 52. Ke4 Ke6 53. g4
hxg4 54. hxg4 Bg7 55. Kd3 Ba1 56. Ke4 Bg7 57. Kf3 Bd4 58. Nd2 Ba1 59. Nb3 Ra3
60. g5 Bg7 61. Kg4 Kf7 62. Nd2 Ra6 63. Nc4 Ke6 64. Nd2 Kf7 65. Ne4 Bd4 66. Rc4
Bb6 67. a4 Ra5 68. Nc3 Rc5 69. Rxc5 Bxc5 70. f5 gxf5+ 71. Kxf5 a5 72. g6+ Kg7
73. Nd5 Bd4 74. Nf4 Bb2 75. Ne6+ Kh6 76. Ng5 Kg7 77. Nf3 Bc3 78. Kg5 Bf6+ 79.
Kh5 Bc3 80. Nh4 Bd2 81. Nf5+ Kf6 1/2-1/2

[Event "Bundesliga 9798"]
[Site "Deutschland"]
[Date "1997.??.??"]
[Round "?.6"]
[White "Heissler, Jakob"]
[Black "Oswald, Hans Joachim"]
[Result "1-0"]
[WhiteElo "2435"]
[BlackElo "2330"]
[PlyCount "111"]
[EventDate "1997.10.??"]
[EventType "team"]
[EventRounds "15"]
[EventCountry "GER"]
[SourceTitle "Bundesliga 9798"]
[Source "DeepChess"]
[SourceDate "2005.01.01"]
[SourceVersion "1"]
[SourceVersionDate "2005.01.01"]
[SourceQuality "1"]
[WhiteTeam "SAbt SV Werder Bremen"]
[BlackTeam "SVG Plettenberg"]
[WhiteTeamCountry "GER"]
[BlackTeamCountry "GER"]

1. e4 d5 2. exd5 Nf6 3. d4 Nxd5 4. Nf3 g6 5. c4 Nb6 6. Nc3 Bg7 7. Be3 O-O 8.
Be2 Nc6 9. d5 Ne5 10. Nxe5 Bxe5 11. Bd4 Bxd4 12. Qxd4 e5 13. Qe3 Re8 14. O-O f5
15. f4 exf4 16. Qxf4 Qe7 17. Rae1 Qc5+ 18. Qf2 Qxf2+ 19. Kxf2 a6 20. Bd3 Kf8
21. Rxe8+ Kxe8 22. Ke3 Nd7 23. Kd4 Nf6 24. Re1+ Kf8 25. Na4 Bd7 26. Nc5 b6 27.
Ne6+ Bxe6 28. Rxe6 Nd7 29. Rc6 Ra7 30. b4 a5 31. b5 Ke7 32. Be2 Rb7 33. Bf3 Nc5
34. h4 Nd7 35. h5 Nf6 36. Re6+ Kf7 37. hxg6+ hxg6 38. c5 bxc5+ 39. Kxc5 Rb8 40.
Kc6 Rb6+ 41. Kxc7 Rxb5 42. Kc6 Rb2 43. Re2 Rxe2 44. Bxe2 Ke7 45. Bd3 Ne4 46. a4
Nc3 47. Bc2 Ne4 48. Kc7 Nd6 49. Bd3 g5 50. Kb6 Kf6 51. Kxa5 Ke5 52. Kb6 Kxd5
53. a5 f4 54. a6 g4 55. Kc7 Ne8+ 56. Kd8 1-0

[Event "Bundesliga 9798"]
[Site "Deutschland"]
[Date "1997.??.??"]
[Round "?.7"]
[White "Michalczak, Thomas"]
[Black "Floegel, Ulrich"]
[Result "1/2-1/2"]
[WhiteElo "2275"]
[BlackElo "2365"]
[PlyCount "95"]
[EventDate "1997.10.??"]
[EventType "team"]
[EventRounds "15"]
[EventCountry "GER"]
[SourceTitle "Bundesliga 9798"]
[Source "DeepChess"]
[SourceDate "2005.01.01"]
[SourceVersion "1"]
[SourceVersionDate "2005.01.01"]
[SourceQuality "1"]
[WhiteTeam "SVG Plettenberg"]
[BlackTeam "SAbt SV Werder Bremen"]
[WhiteTeamCountry "GER"]
[BlackTeamCountry "GER"]

1. e4 Nf6 2. e5 Nd5 3. d4 d6 4. Nf3 Bg4 5. Be2 c6 6. O-O Bxf3 7. Bxf3 dxe5 8.
dxe5 e6 9. Nd2 Nd7 10. Re1 Qc7 11. Nc4 N7b6 12. Nxb6 axb6 13. c4 Ne7 14. Be4 g6
15. Be3 Nf5 16. Bxf5 gxf5 17. Qb3 c5 18. Bg5 Rg8 19. Bf6 Be7 20. Bxe7 Kxe7 21.
Rad1 Rad8 22. Qh3 Qxe5 23. Qh4+ Qf6 24. Qf4 Rd7 25. Rxd7+ Kxd7 26. Rd1+ Kc8 27.
b3 Rd8 28. Rxd8+ Qxd8 29. g3 Kd7 30. Qd2+ Kc7 31. Qh6 Qh8 32. Kg2 Kd7 33. Qh5
Qg7 34. h4 Ke7 35. Qf3 Qg4 36. Qxb7+ Kf6 37. Qc6 f4 38. Qe4 e5 39. Qc6+ Kg7 40.
Qe4 Kf6 41. Qc6+ Kg7 42. Qf3 Qg6 43. Kh3 fxg3 44. Qxg3 Kf6 45. Qf3+ Qf5+ 46.
Kg3 e4 47. Qf4 Ke6 48. Qe3 1/2-1/2

[Event "Bundesliga 9798"]
[Site "Deutschland"]
[Date "1997.??.??"]
[Round "?.8"]
[White "Meyer, Claus Dieter"]
[Black "Schlecht, Daniel"]
[Result "1/2-1/2"]
[WhiteElo "2335"]
[BlackElo "2270"]
[PlyCount "28"]
[EventDate "1997.10.??"]
[EventType "team"]
[EventRounds "15"]
[EventCountry "GER"]
[SourceTitle "Bundesliga 9798"]
[Source "DeepChess"]
[SourceDate "2005.01.01"]
[SourceVersion "1"]
[SourceVersionDate "2005.01.01"]
[SourceQuality "1"]
[WhiteTeam "SAbt SV Werder Bremen"]
[BlackTeam "SVG Plettenberg"]
[WhiteTeamCountry "GER"]
[BlackTeamCountry "GER"]

1. e4 e6 2. d4 d5 3. e5 c5 4. c3 Nc6 5. Nf3 Nge7 6. Bd3 cxd4 7. cxd4 Nf5 8.
Bxf5 exf5 9. Nc3 Be6 10. O-O Be7 11. Be3 g5 12. Qb3 f4 13. Qxb7 Nb4 14. Bd2 Rb8
1/2-1/2

[Event "Bundesliga 9798"]
[Site "Deutschland"]
[Date "1997.??.??"]
[Round "?.1"]
[White "Womacka, Mathias"]
[Black "Hracek, Zbynek"]
[Result "1/2-1/2"]
[WhiteElo "2475"]
[BlackElo "2605"]
[PlyCount "30"]
[EventDate "1997.10.??"]
[EventType "team"]
[EventRounds "15"]
[EventCountry "GER"]
[SourceTitle "Bundesliga 9798"]
[Source "DeepChess"]
[SourceDate "2005.01.01"]
[SourceVersion "1"]
[SourceVersionDate "2005.01.01"]
[SourceQuality "1"]
[WhiteTeam "USG Chemnitz"]
[BlackTeam "SAbt SV Werder Bremen"]
[WhiteTeamCountry "GER"]
[BlackTeamCountry "GER"]

1. e4 c5 2. Nf3 Nc6 3. d4 cxd4 4. Nxd4 Nf6 5. Nc3 d6 6. Be2 g6 7. Nb3 Bg7 8.
O-O O-O 9. Re1 a6 10. Bf1 b5 11. Bg5 Bb7 12. Nd5 Nd7 13. c3 Re8 14. a4 h6 15.
Bh4 bxa4 1/2-1/2

[Event "Bundesliga 9798"]
[Site "Deutschland"]
[Date "1997.??.??"]
[Round "?.2"]
[White "Knaak, Rainer"]
[Black "Roesch, Arnd"]
[Result "1-0"]
[WhiteElo "2555"]
[BlackElo "2350"]
[PlyCount "81"]
[EventDate "1997.10.??"]
[EventType "team"]
[EventRounds "15"]
[EventCountry "GER"]
[SourceTitle "Bundesliga 9798"]
[Source "DeepChess"]
[SourceDate "2005.01.01"]
[SourceVersion "1"]
[SourceVersionDate "2005.01.01"]
[SourceQuality "1"]
[WhiteTeam "SAbt SV Werder Bremen"]
[BlackTeam "USG Chemnitz"]
[WhiteTeamCountry "GER"]
[BlackTeamCountry "GER"]

1. d4 d6 2. e4 Nf6 3. f3 e5 4. d5 Be7 5. Be3 Nh5 6. Qd2 h6 7. c4 Bg5 8. g3 Bxe3
9. Qxe3 Qg5 10. Qc3 f5 11. Nh3 Qe7 12. exf5 Bxf5 13. Nd2 Nf6 14. O-O-O Nbd7 15.
g4 Bg6 16. Re1 O-O-O 17. Nf4 Bf7 18. Bd3 Kb8 19. Bf5 Rc8 20. Kb1 c6 21. dxc6
Rxc6 22. Ng6 Bxg6 23. Bxg6 d5 24. Qd3 e4 25. cxd5 Ne5 26. Qd4 Rb6 27. Bxe4 Rb4
28. Qe3 Nxe4 29. fxe4 Nxg4 30. Qa3 a5 31. Rhg1 Ne5 32. Rc1 b6 33. Qg3 Qg5 34.
Qc3 Qe7 35. a3 Rb5 36. Nb3 Re8 37. Nd4 Rc5 38. Qg3 Rxc1+ 39. Rxc1 Qg5 40. Qb3
Kb7 41. Ne6 1-0

[Event "Bundesliga 9798"]
[Site "Deutschland"]
[Date "1997.??.??"]
[Round "?.3"]
[White "Kunze, Carlo"]
[Black "Babula, Vlastimil"]
[Result "1/2-1/2"]
[WhiteElo "2340"]
[BlackElo "2545"]
[PlyCount "34"]
[EventDate "1997.10.??"]
[EventType "team"]
[EventRounds "15"]
[EventCountry "GER"]
[SourceTitle "Bundesliga 9798"]
[Source "DeepChess"]
[SourceDate "2005.01.01"]
[SourceVersion "1"]
[SourceVersionDate "2005.01.01"]
[SourceQuality "1"]
[WhiteTeam "USG Chemnitz"]
[BlackTeam "SAbt SV Werder Bremen"]
[WhiteTeamCountry "GER"]
[BlackTeamCountry "GER"]

1. d4 Nf6 2. c4 g6 3. Nc3 Bg7 4. e4 d6 5. Be2 O-O 6. Nf3 e5 7. d5 a5 8. Bg5 h6
9. Bh4 Na6 10. Nd2 Qe8 11. O-O Bd7 12. b3 Nh7 13. f3 f5 14. a3 g5 15. Bf2 f4
16. b4 Qe7 17. Qb3 h5 1/2-1/2

[Event "Bundesliga 9798"]
[Site "Deutschland"]
[Date "1997.??.??"]
[Round "?.4"]
[White "Meins, Gerlef"]
[Black "Lorenz, Gerd"]
[Result "1-0"]
[WhiteElo "2460"]
[BlackElo "2305"]
[PlyCount "41"]
[EventDate "1997.10.??"]
[EventType "team"]
[EventRounds "15"]
[EventCountry "GER"]
[SourceTitle "Bundesliga 9798"]
[Source "DeepChess"]
[SourceDate "2005.01.01"]
[SourceVersion "1"]
[SourceVersionDate "2005.01.01"]
[SourceQuality "1"]
[WhiteTeam "SAbt SV Werder Bremen"]
[BlackTeam "USG Chemnitz"]
[WhiteTeamCountry "GER"]
[BlackTeamCountry "GER"]

1. d4 d6 2. Nf3 Bg4 3. e4 Nd7 4. Be2 Ngf6 5. e5 Nd5 6. h3 Bxf3 7. Bxf3 c6 8.
exd6 exd6 9. Bxd5 cxd5 10. O-O Be7 11. Nc3 Nf6 12. Bg5 Ne4 13. Bxe7 Nxc3 14.
bxc3 Kxe7 15. Qf3 Re8 16. Qxd5 Qc7 17. Qe4+ Kf6 18. Qxh7 Qxc3 19. Qh4+ Kg6 20.
Rab1 Qxc2 21. Rb5 1-0

[Event "Bundesliga 9798"]
[Site "Deutschland"]
[Date "1997.??.??"]
[Round "?.5"]
[White "Kyas, Juergen"]
[Black "Heissler, Jakob"]
[Result "1/2-1/2"]
[WhiteElo "2265"]
[BlackElo "2435"]
[PlyCount "27"]
[EventDate "1997.10.??"]
[EventType "team"]
[EventRounds "15"]
[EventCountry "GER"]
[SourceTitle "Bundesliga 9798"]
[Source "DeepChess"]
[SourceDate "2005.01.01"]
[SourceVersion "1"]
[SourceVersionDate "2005.01.01"]
[SourceQuality "1"]
[WhiteTeam "USG Chemnitz"]
[BlackTeam "SAbt SV Werder Bremen"]
[WhiteTeamCountry "GER"]
[BlackTeamCountry "GER"]

1. e4 c5 2. Nf3 d6 3. d4 cxd4 4. Nxd4 Nf6 5. Nc3 a6 6. Be2 e5 7. Nb3 Be7 8. Bg5
Be6 9. Bxf6 Bxf6 10. Nd5 Nd7 11. Qd3 Bg5 12. Rd1 Rc8 13. O-O O-O 14. c3 1/2-1/2

[Event "Bundesliga 9798"]
[Site "Deutschland"]
[Date "1997.??.??"]
[Round "?.6"]
[White "Floegel, Ulrich"]
[Black "Ahner, Andreas"]
[Result "1/2-1/2"]
[WhiteElo "2365"]
[BlackElo "2250"]
[PlyCount "38"]
[EventDate "1997.10.??"]
[EventType "team"]
[EventRounds "15"]
[EventCountry "GER"]
[SourceTitle "Bundesliga 9798"]
[Source "DeepChess"]
[SourceDate "2005.01.01"]
[SourceVersion "1"]
[SourceVersionDate "2005.01.01"]
[SourceQuality "1"]
[WhiteTeam "SAbt SV Werder Bremen"]
[BlackTeam "USG Chemnitz"]
[WhiteTeamCountry "GER"]
[BlackTeamCountry "GER"]

1. e4 e6 2. d3 d5 3. Nd2 c5 4. Ngf3 Nc6 5. g3 g6 6. Bg2 Bg7 7. O-O Nge7 8. exd5
exd5 9. d4 cxd4 10. Nb3 Qb6 11. Bf4 a5 12. a4 O-O 13. Bd6 Rd8 14. Bc5 Qc7 15.
Nfxd4 Nxd4 16. Bxd4 Nc6 17. Bxg7 Kxg7 18. Nd4 Qe5 19. c3 Nxd4 1/2-1/2

[Event "Bundesliga 9798"]
[Site "Deutschland"]
[Date "1997.??.??"]
[Round "?.7"]
[White "Helbig, Jan"]
[Black "Meyer, Claus Dieter"]
[Result "0-1"]
[WhiteElo "2180"]
[BlackElo "2335"]
[PlyCount "96"]
[EventDate "1997.10.??"]
[EventType "team"]
[EventRounds "15"]
[EventCountry "GER"]
[SourceTitle "Bundesliga 9798"]
[Source "DeepChess"]
[SourceDate "2005.01.01"]
[SourceVersion "1"]
[SourceVersionDate "2005.01.01"]
[SourceQuality "1"]
[WhiteTeam "USG Chemnitz"]
[BlackTeam "SAbt SV Werder Bremen"]
[WhiteTeamCountry "GER"]
[BlackTeamCountry "GER"]

1. d4 Nf6 2. Nf3 g6 3. c4 Bg7 4. Nc3 O-O 5. e4 d6 6. Be2 Nbd7 7. O-O e5 8. Qc2
exd4 9. Nxd4 Re8 10. Be3 Nc5 11. f3 c6 12. Rfd1 Qe7 13. Nb3 Nfd7 14. Nxc5 dxc5
15. Bf1 Ne5 16. Rac1 b6 17. b3 f5 18. Qd2 Nf7 19. Bf2 Be6 20. exf5 Bxf5 21. Re1
Qf6 22. Ne4 Bxe4 23. Rxe4 Rxe4 24. fxe4 Bh6 25. Be3 Rd8 26. Qf2 Bxe3 27. Qxe3
Qd4 28. Re1 Ne5 29. h3 Kg7 30. Kh2 Qxe3 31. Rxe3 Rd2 32. Re2 Rd1 33. Rf2 Rd4
34. Kg3 Rxe4 35. Re2 Rxe2 36. Bxe2 Kf6 37. Kf4 g5+ 38. Ke4 Nf7 39. Bg4 Nd6+ 40.
Kd3 Ke5 41. Bf3 Kf4 42. Bxc6 Nf7 43. Bd5 Ne5+ 44. Kc3 a5 45. a3 Ke3 46. b4
axb4+ 47. axb4 Nd3 48. bxc5 bxc5 0-1

[Event "Bundesliga 9798"]
[Site "Deutschland"]
[Date "1997.??.??"]
[Round "?.8"]
[White "Hedke, Fred"]
[Black "Sobeck, Guenter"]
[Result "1/2-1/2"]
[WhiteElo "2335"]
[BlackElo "2120"]
[PlyCount "119"]
[EventDate "1997.10.??"]
[EventType "team"]
[EventRounds "15"]
[EventCountry "GER"]
[SourceTitle "Bundesliga 9798"]
[Source "DeepChess"]
[SourceDate "2005.01.01"]
[SourceVersion "1"]
[SourceVersionDate "2005.01.01"]
[SourceQuality "1"]
[WhiteTeam "SAbt SV Werder Bremen"]
[BlackTeam "USG Chemnitz"]
[WhiteTeamCountry "GER"]
[BlackTeamCountry "GER"]

1. e4 e5 2. d4 exd4 3. c3 d5 4. exd5 Qxd5 5. cxd4 Nf6 6. Nf3 Bb4+ 7. Nc3 O-O 8.
Be2 c5 9. O-O Bxc3 10. bxc3 cxd4 11. Nxd4 Qc5 12. Qb3 Qc7 13. Ba3 Rd8 14. Nb5
Qb6 15. Bc4 Nc6 16. Bxf7+ Kh8 17. Nd4 Nxd4 18. cxd4 Rxd4 19. Qxb6 axb6 20. Bb2
Rd8 21. Rad1 Bf5 22. a3 Be4 23. Rfe1 Bc6 24. Bb3 Re8 25. f3 h6 26. Kf2 Kh7 27.
Rd2 Rxe1 28. Kxe1 Re8+ 29. Kf2 Nd7 30. Rd6 Nc5 31. Bc2+ Kg8 32. h4 Ra8 33. Bb1
Re8 34. h5 Na4 35. Bd4 Nc5 36. Bg6 Rf8 37. Ke3 Ra8 38. Bb1 Re8+ 39. Kd2 Kf8 40.
Kc3 Kg8 41. Bc2 Kf8 42. Rg6 Re7 43. Kb4 Kg8 44. a4 Kf8 45. Bb3 Nxb3 46. Kxb3
Rd7 47. Bxb6 Rd5 48. a5 Be8 49. Rg4 Rxh5 50. Bd4 Rb5+ 51. Kc4 g5 52. Re4 Bc6
53. Re5 Rxe5 54. Bxe5 Kf7 55. Kc5 g4 56. a6 gxf3 57. Bd4 Be4 58. gxf3 Bxf3 59.
a7 b6+ 60. Kxb6 1/2-1/2

[Event "Bundesliga 9798"]
[Site "Deutschland"]
[Date "1997.12.07"]
[Round "?.1"]
[White "Dautov, Rustem"]
[Black "Movsesian, Sergei"]
[Result "1/2-1/2"]
[WhiteElo "2595"]
[BlackElo "2555"]
[PlyCount "135"]
[EventDate "1997.10.??"]
[EventType "team"]
[EventRounds "15"]
[EventCountry "GER"]
[SourceTitle "Bundesliga 9798"]
[Source "DeepChess"]
[SourceDate "2005.01.01"]
[SourceVersion "1"]
[SourceVersionDate "2005.01.01"]
[SourceQuality "1"]
[WhiteTeam "SC Anderssen St.Ingbert 1920 e.V."]
[BlackTeam "SF Neukoelln 03 e.V."]
[WhiteTeamCountry "GER"]
[BlackTeamCountry "GER"]

1. d4 d5 2. c4 c6 3. Nf3 Nf6 4. Nc3 a6 5. Ne5 b5 6. cxd5 cxd5 7. Bf4 e6 8. e3
Nbd7 9. Bd3 Nxe5 10. Bxe5 Bd6 11. O-O O-O 12. f4 Bb7 13. Rf3 g6 14. Rh3 Bxe5
15. fxe5 Ne4 16. Bxe4 dxe4 17. Qe1 Rc8 18. a3 f5 19. exf6 Qxf6 20. Rh4 g5 21.
Qg3 Qf2+ 22. Qxf2 Rxf2 23. Kxf2 gxh4 24. Rc1 Bd5 25. Ne2 Rxc1 26. Nxc1 Bc4 27.
Ke1 Kf7 28. b3 Bd5 29. Kd2 Kf6 30. Kc3 a5 31. Ne2 Kf5 32. h3 Kf6 33. Kc2 Kf5
34. Nc3 Bc6 35. b4 axb4 36. axb4 Kf6 37. Kd2 Kf5 38. Ke1 Kg5 39. Kf2 h5 40. Kg1
Kf5 41. Kf2 Kg5 42. Ke2 Kf5 43. Kd2 Kf6 44. Nb1 Ke7 45. Kc2 Bd5 46. Na3 Bc6 47.
Kc3 Kd6 48. Kd2 Ke7 49. Kc3 Kd6 50. Kd2 Ke7 51. d5 exd5 52. Kc3 Ke6 53. Kd4 Kd6
54. Nb1 Bd7 55. Nc3 Bc6 56. Ne2 Be8 57. Nc3 Bc6 58. Ne2 Be8 59. g3 hxg3 60.
Nxg3 Bd7 61. Nxh5 Bxh3 62. Nf6 Be6 63. Ne8+ Kd7 64. Nf6+ Kd6 65. Nh5 Bg4 66.
Nf4 Be6 67. Ne2 Bd7 68. Nc3 1/2-1/2

[Event "Bundesliga 9798"]
[Site "Deutschland"]
[Date "1997.??.??"]
[Round "?.2"]
[White "Stohl, Igor"]
[Black "Bauer, Christian"]
[Result "1-0"]
[WhiteElo "2565"]
[BlackElo "2525"]
[PlyCount "89"]
[EventDate "1997.10.??"]
[EventType "team"]
[EventRounds "15"]
[EventCountry "GER"]
[SourceTitle "Bundesliga 9798"]
[Source "DeepChess"]
[SourceDate "2005.01.01"]
[SourceVersion "1"]
[SourceVersionDate "2005.01.01"]
[SourceQuality "1"]
[WhiteTeam "SF Neukoelln 03 e.V."]
[BlackTeam "SC Anderssen St.Ingbert 1920 e.V."]
[WhiteTeamCountry "GER"]
[BlackTeamCountry "GER"]

1. d4 Nf6 2. c4 e6 3. g3 d5 4. Bg2 dxc4 5. Qa4+ c6 6. Qxc4 b5 7. Qd3 a6 8. a4
Ra7 9. Bf4 Bd6 10. Bxd6 Qxd6 11. Nf3 O-O 12. O-O Nbd7 13. Rc1 Bb7 14. Nbd2 Raa8
15. Ng5 Rfd8 16. Nge4 Qb4 17. Qc3 Qe7 18. Nb3 Nd5 19. Qc2 Rac8 20. Nbc5 Nb8 21.
e3 Ba8 22. Nc3 b4 23. N3e4 e5 24. dxe5 Qxe5 25. a5 Qe7 26. Qc4 Bb7 27. Nxb7
Qxb7 28. Nc5 Qa7 29. e4 Nf6 30. Qxb4 Nbd7 31. Qb7 Qxb7 32. Nxb7 Rf8 33. Nd6 Rc7
34. f4 Nb8 35. e5 Ne8 36. Ne4 Rb7 37. Rc2 Rb4 38. Nc5 Nc7 39. Rd1 Rb5 40. Nd7
Nxd7 41. Rxd7 Ne6 42. Bxc6 Rxa5 43. Bd5 Nc5 44. Rxf7 Rxf7 45. b4 1-0

[Event "Bundesliga 9798"]
[Site "Deutschland"]
[Date "1997.??.??"]
[Round "?.3"]
[White "Degraeve, Jean Marc"]
[Black "Hellsten, Johan"]
[Result "1/2-1/2"]
[WhiteElo "2540"]
[BlackElo "2495"]
[PlyCount "73"]
[EventDate "1997.10.??"]
[EventType "team"]
[EventRounds "15"]
[EventCountry "GER"]
[SourceTitle "Bundesliga 9798"]
[Source "DeepChess"]
[SourceDate "2005.01.01"]
[SourceVersion "1"]
[SourceVersionDate "2005.01.01"]
[SourceQuality "1"]
[WhiteTeam "SC Anderssen St.Ingbert 1920 e.V."]
[BlackTeam "SF Neukoelln 03 e.V."]
[WhiteTeamCountry "GER"]
[BlackTeamCountry "GER"]

1. e4 c5 2. c3 Nf6 3. e5 Nd5 4. d4 cxd4 5. Nf3 e6 6. cxd4 d6 7. a3 Nc6 8. Bd3
dxe5 9. dxe5 g6 10. O-O Bg7 11. Re1 O-O 12. b4 Qc7 13. Bb2 Rd8 14. Qc2 Bd7 15.
Nbd2 Rac8 16. Rac1 Qb8 17. Qb1 h5 18. Rc5 a5 19. Rb5 Qa8 20. Rxd5 exd5 21. b5
Ne7 22. Nd4 a4 23. N2f3 Bg4 24. Ng5 Bh6 25. h4 Bxg5 26. hxg5 Qa5 27. f3 Bf5 28.
Re2 Qb6 29. Kh1 Rc4 30. g4 Rxd4 31. Bxd4 Qxd4 32. gxf5 Rc8 33. f6 Qh4+ 34. Rh2
Qf4 35. fxe7 Rc1+ 36. Kg2 Qxg5+ 37. Kh3 1/2-1/2

[Event "Bundesliga 9798"]
[Site "Deutschland"]
[Date "1997.??.??"]
[Round "?.4"]
[White "Bunzmann, Dimitrij"]
[Black "Kachiani Gersinska, Ketino"]
[Result "1/2-1/2"]
[WhiteElo "2370"]
[BlackElo "2415"]
[PlyCount "52"]
[EventDate "1997.10.??"]
[EventType "team"]
[EventRounds "15"]
[EventCountry "GER"]
[SourceTitle "Bundesliga 9798"]
[Source "DeepChess"]
[SourceDate "2005.01.01"]
[SourceVersion "1"]
[SourceVersionDate "2005.01.01"]
[SourceQuality "1"]
[WhiteTeam "SF Neukoelln 03 e.V."]
[BlackTeam "SC Anderssen St.Ingbert 1920 e.V."]
[WhiteTeamCountry "GER"]
[BlackTeamCountry "GER"]

1. d4 Nf6 2. Nf3 g6 3. c4 Bg7 4. Nc3 d6 5. e4 O-O 6. Be2 e5 7. O-O Nc6 8. d5
Ne7 9. b4 a5 10. Ba3 axb4 11. Bxb4 Nd7 12. a4 Bh6 13. a5 f5 14. Nd2 Nf6 15.
exf5 gxf5 16. c5 Nexd5 17. Bc4 Be6 18. cxd6 Nxb4 19. Bxe6+ Kh8 20. Nc4 cxd6 21.
Qxd6 Nc2 22. Rab1 Qxd6 23. Nxd6 Bd2 24. Ne2 Ne4 25. Nxe4 fxe4 26. Rb2 Nd4
1/2-1/2

[Event "Bundesliga 9798"]
[Site "Deutschland"]
[Date "1997.??.??"]
[Round "?.5"]
[White "Werner, Dimo"]
[Black "Schoene, Ralf"]
[Result "1/2-1/2"]
[WhiteElo "2420"]
[BlackElo "2435"]
[PlyCount "87"]
[EventDate "1997.10.??"]
[EventType "team"]
[EventRounds "15"]
[EventCountry "GER"]
[SourceTitle "Bundesliga 9798"]
[Source "DeepChess"]
[SourceDate "2005.01.01"]
[SourceVersion "1"]
[SourceVersionDate "2005.01.01"]
[SourceQuality "1"]
[WhiteTeam "SC Anderssen St.Ingbert 1920 e.V."]
[BlackTeam "SF Neukoelln 03 e.V."]
[WhiteTeamCountry "GER"]
[BlackTeamCountry "GER"]

1. e4 e5 2. Nf3 Nc6 3. Bb5 a6 4. Ba4 b5 5. Bb3 Na5 6. O-O d6 7. c3 Nxb3 8. axb3
g6 9. d4 Bg7 10. dxe5 dxe5 11. Qxd8+ Kxd8 12. Be3 Bb7 13. Nbd2 f6 14. Ne1 f5
15. f3 Nf6 16. Nd3 Nd7 17. b4 fxe4 18. Nxe4 Bxe4 19. fxe4 Rf8 20. Nc5 Nxc5 21.
Bxc5 Rxf1+ 22. Kxf1 Kd7 23. Ke2 Bf6 24. Rf1 Ke6 25. Ra1 Bg5 26. b3 c6 27. g3
Bf6 28. Ra2 Bg5 29. Ra1 Bf6 30. h4 h5 31. Be3 Be7 32. Ra2 Bf8 33. Ra1 Be7 34.
Bg5 Bd6 35. Rf1 Rf8 36. Ra1 Ra8 37. Be3 Be7 38. Bf2 Bd8 39. Bc5 Bf6 40. Be3 Be7
41. Bg5 Bd6 42. Be3 Be7 43. Bg5 Bd6 44. Be3 1/2-1/2

[Event "Bundesliga 9798"]
[Site "Deutschland"]
[Date "1997.??.??"]
[Round "?.6"]
[White "Berndt, Stephan"]
[Black "Becker, Marc"]
[Result "1/2-1/2"]
[WhiteElo "2360"]
[BlackElo "2430"]
[PlyCount "118"]
[EventDate "1997.10.??"]
[EventType "team"]
[EventRounds "15"]
[EventCountry "GER"]
[SourceTitle "Bundesliga 9798"]
[Source "DeepChess"]
[SourceDate "2005.01.01"]
[SourceVersion "1"]
[SourceVersionDate "2005.01.01"]
[SourceQuality "1"]
[WhiteTeam "SF Neukoelln 03 e.V."]
[BlackTeam "SC Anderssen St.Ingbert 1920 e.V."]
[WhiteTeamCountry "GER"]
[BlackTeamCountry "GER"]

1. e4 e5 2. Nf3 Nc6 3. Bb5 a6 4. Ba4 Nf6 5. O-O Bc5 6. Nxe5 Nxe5 7. d4 b5 8.
dxe5 Nxe4 9. Bb3 Bb7 10. Qg4 Qe7 11. Nc3 Nxc3 12. bxc3 O-O-O 13. Bg5 f6 14.
exf6 gxf6 15. Bh4 Qe5 16. Rfe1 Qxc3 17. Rad1 Bc6 18. Qe2 Kb7 19. Bg3 d6 20. Rd3
Qa5 21. Ra1 Rde8 22. Qd1 Re4 23. Kh1 Rhe8 24. f3 Re2 25. a4 b4 26. Bc4 Bf2 27.
Bxf2 Rxf2 28. Rb3 Qc5 29. c3 Ka7 30. Bf1 Qd5 31. Qxd5 Bxd5 32. Rxb4 Re3 33. Rf4
Rxc3 34. Rxf6 Ra3 35. Re1 Re3 36. Ra1 Kb6 37. Rf4 Rc3 38. Kg1 Rb2 39. a5+ Ka7
40. Rh4 Bg8 41. Rg4 Bf7 42. Rg7 Bg6 43. h4 Bb1 44. Kh2 Kb7 45. Kg3 d5 46. Rd7
Rc5 47. Rd8 Rb4 48. h5 d4 49. h6 Rg5+ 50. Kf4 Rf5+ 51. Kg4 Rf6 52. Bc4 Ka7 53.
Bd5 c6 54. Rd7+ Kb8 55. Ba2 Bc2 56. Re1 Rb7 57. Rxd4 Rxh6 58. Re8+ Ka7 59. Kg3
Rg6+ 1/2-1/2

[Event "Bundesliga 9798"]
[Site "Deutschland"]
[Date "1997.??.??"]
[Round "?.7"]
[White "Gross, Georg"]
[Black "Thiede, Lars"]
[Result "1-0"]
[WhiteElo "2360"]
[BlackElo "2335"]
[PlyCount "79"]
[EventDate "1997.10.??"]
[EventType "team"]
[EventRounds "15"]
[EventCountry "GER"]
[SourceTitle "Bundesliga 9798"]
[Source "DeepChess"]
[SourceDate "2005.01.01"]
[SourceVersion "1"]
[SourceVersionDate "2005.01.01"]
[SourceQuality "1"]
[WhiteTeam "SC Anderssen St.Ingbert 1920 e.V."]
[BlackTeam "SF Neukoelln 03 e.V."]
[WhiteTeamCountry "GER"]
[BlackTeamCountry "GER"]

1. d4 Nf6 2. Nf3 g6 3. g3 Bg7 4. Bg2 O-O 5. O-O d6 6. c4 Nbd7 7. Qc2 c5 8. Rd1
a6 9. Nc3 Rb8 10. e4 cxd4 11. Nxd4 Qa5 12. h3 Ne5 13. b3 Bd7 14. Bb2 b5 15. Nd5
bxc4 16. Nxe7+ Kh8 17. bxc4 Ba4 18. Nb3 Qc7 19. Bxe5 dxe5 20. Nd5 Qc6 21. Qc3
Rfc8 22. Rac1 Qe6 23. Qe3 Nd7 24. Kh2 Bf8 25. h4 Ba3 26. Rc2 Nc5 27. Bh3 f5 28.
Rb1 Nxb3 29. axb3 Bc5 30. Qd3 Bd7 31. exf5 gxf5 32. Re2 Rf8 33. Rbe1 Qg6 34. b4
Bd4 35. f4 Qg7 36. fxe5 Rg8 37. Nf6 Bc6 38. Nh5 Qd7 39. Bxf5 Qd8 40. Rd1 1-0